El lobo y el perro : (Record no. 28345)
[ view plain ]
| 000 -LEADER | |
|---|---|
| fixed length control field | 00697nam a22002417a 4500 |
| 001 - CONTROL NUMBER | |
| control field | sjds |
| 003 - CONTROL NUMBER IDENTIFIER | |
| control field | sjds |
| 005 - DATE AND TIME OF LATEST TRANSACTION | |
| control field | 20230917205458.0 |
| 008 - FIXED-LENGTH DATA ELEMENTS--GENERAL INFORMATION | |
| fixed length control field | 230917b |||||||| |||| 00| 0 spa d |
| 020 ## - INTERNATIONAL STANDARD BOOK NUMBER | |
| International Standard Book Number | 9788424615628 |
| 020 ## - INTERNATIONAL STANDARD BOOK NUMBER | |
| International Standard Book Number | 842461562X |
| 040 ## - CATALOGING SOURCE | |
| Transcribing agency | sjds |
| 041 ## - LANGUAGE CODE | |
| Language code of text/sound track or separate title | spa |
| 100 10 - MAIN ENTRY--PERSONAL NAME | |
| Personal name | Boada, Francesc. |
| 245 ## - TITLE STATEMENT | |
| Title | El lobo y el perro : |
| Remainder of title | fabula de La Fontaine / |
| Statement of responsibility, etc. | Francesc Boada, Jean de La Fontaine, Rita Culla |
| 246 ## - VARYING FORM OF TITLE | |
| Title proper/short title | El lobo y el perro : |
| Remainder of title | fabula de La Fontaine |
| 260 ## - PUBLICATION, DISTRIBUTION, ETC. (IMPRINT) | |
| Place of publication, distribution, etc. | Barcelona : |
| Name of publisher, distributor, etc. | La Galera, |
| Date of publication, distribution, etc. | 1981 |
| 300 ## - PHYSICAL DESCRIPTION | |
| Extent | [24] pages : |
| Other physical details | color illustrations ; |
| Dimensions | 22 cm. |
| 440 ## - SERIES STATEMENT/ADDED ENTRY--TITLE | |
| Title | Fabulas ; |
| Number of part/section of a work | 12 |
| 700 1# - ADDED ENTRY--PERSONAL NAME | |
| Personal name | La Fontaine, Jean de |
| 700 1# - ADDED ENTRY--PERSONAL NAME | |
| Personal name | Rita Culla |
| 942 ## - ADDED ENTRY ELEMENTS (KOHA) | |
| Koha item type | Libro/Book |
| Withdrawn status | Lost status | Damaged status | Not for loan | Home library | Current library | Date acquired | Total Checkouts | Full call number | Barcode | Checked out | Date last seen | Date checked out | Price effective from | Koha item type |
|---|---|---|---|---|---|---|---|---|---|---|---|---|---|---|
| San Juan Del Sur -- Mobile | Miravalle | 17/09/2023 | 1 | JC | 33017401 | 13/03/2024 | 07/02/2024 | 07/02/2024 | 17/09/2023 | Libro/Book | ||||
| San Juan Del Sur -- Mobile | San Juan Del Sur -- Mobile | 20/01/2025 | JI | 30028465 | 20/01/2025 | 20/01/2025 | Libro/Book |